Fieldwork training for social work : advisory council on child care (Record no. 414984)

000 -LEADER
fixed length control field 00473cam a22001337a 4500
008 - FIXED-LENGTH DATA ELEMENTS--GENERAL INFORMATION
fixed length control field 180718b1971 xxu||||| |||| 00| 0 eng d
082 ## - DEWEY DECIMAL CLASSIFICATION NUMBER
Classification number Q23x42 Un3
245 ## - TITLE STATEMENT
Title Fieldwork training for social work : advisory council on child care
Statement of responsibility, etc. by Deprtment Of Health And Social Security
260 ## - PUBLICATION, DISTRIBUTION, ETC.
Place of publication, distribution, etc. London
Name of publisher, distributor, etc. Her Majesty's
Date of publication, distribution, etc. 1971
300 ## - PHYSICAL DESCRIPTION
Extent ix,215p
650 ## - SUBJECT ADDED ENTRY--TOPICAL TERM
Topical term or geographic name entry element Social work education
650 ## - SUBJECT ADDED ENTRY--TOPICAL TERM
Topical term or geographic name entry element Social service --Fieldwork
700 ## - ADDED ENTRY--PERSONAL NAME
Personal name U.K.Deprtment Of Health And Social Serurity
Holdings
Withdrawn status Lost status Damaged status Not for loan Permanent Location Current Location Date acquired Full call number Barcode Date last seen Price effective from Koha item type
        Indian Institute of Public Administration Indian Institute of Public Administration 2009-02-27 Q23x42 Un3 U137 2018-07-21 2018-07-21 U

Powered by Koha